| 000 | 01288nam a22003737a 4500 | ||
|---|---|---|---|
| 003 | CHAP | ||
| 005 | 20220329133130.0 | ||
| 008 | 971013s1982 r 00010 d | ||
| 010 | _a2510 | ||
| 011 | _a3482 | ||
| 035 | _a2682 | ||
| 040 | _cCHAP | ||
| 082 |
_a581.15 _bR6 1982 |
||
| 100 | 0 | 0 |
_aRobles Sánchez, Raúl. _998118 |
| 245 | _aTerminología genética y fitogenética | ||
| 250 | _a2 ed. | ||
| 260 |
_aMéxico, D. F. : _bTrillas, _c1982 |
||
| 300 | _a163 p | ||
| 500 | _aD46-47 | ||
| 590 |
_aBATCH-UPD _b10 _c20130110 _lUCH01 _h0145 |
||
| 590 |
_aBATCH-UPD _b10 _c20130110 _lUCH01 _h2319 |
||
| 590 |
_aBATCH-UPD _b10 _c20130409 _lUCH01 _h2144 |
||
| 590 |
_aBATCH-UPD _b10 _c20130410 _lUCH01 _h1609 |
||
| 590 |
_aBATCH-UPD _b10 _c20130914 _lUCH01 _h1542 |
||
| 590 |
_aCONVERSION _b10 _c20130109 _lUCH01 _h1303 |
||
| 650 | 1 | 4 |
_aGenética vegetal _xDiccionarios. _947502 |
| 901 | _aBK | ||
| 942 | _cLIBRO | ||
| 949 |
_a581.15 R6 1982 _bBC _cC _d33724000495735 _eC _fc.5 _h80998 _i2682 _si |
||
| 949 |
_a581.15 R6 1982 _bBC _cC _d33724000495750 _eC _fc.3 _h58229 _i2682 _si |
||
| 949 |
_a581.15 R6 1982 _bBC _cC _d33724000496816 _eC _fc.4 _h61079 _i2682 _si |
||
| 949 |
_a581.15 R6 1982 _bBC _cC _d33724002202033 _eC _h58228 _i2682 _si |
||
| 949 |
_a581.15 R6 1982 _bBC _cC _d33724002202074 _eC _fc.2 _h31144 _i2682 _si |
||
| 999 |
_c2510 _d2510 |
||